000 00538cam a22001814a 4500
005 20250605163343.0
008 250528s ||||||||||||||||||||||||d
035 _a17459
020 _a9608910471
040 _aGR-AtMCL
_bgre
_dGR-AtMCL
_eAACR2
245 1 _aTiziano / ArtBook
260 _bElecta - Ημερησία,
_c2005
300 _a150
520 _a1490-1510, 1511-1518, 1519-1525, 1525-1530, 1530-1540, 1540-1551, 1551-1560, 1560-1570, 1570-1576, Ευρετήριο.
942 _cBK
999 _c2875
_d2875